RESEARCH METHODOLOGY AND MEDICAL STATISTICS (Record no. 16936)

MARC details
000 -LEADER
fixed length control field 00421nam a22001577a 4500
003 - CONTROL NUMBER IDENTIFIER
control field SGT
020 ## - INTERNATIONAL STANDARD BOOK NUMBER
International Standard Book Number 978-81-935235-6-8
082 ## - DEWEY DECIMAL CLASSIFICATION NUMBER
Classification number 610.01
Item number r18s
100 ## - MAIN ENTRY--PERSONAL NAME
Personal name SUKUMAR, BARGALE SUSHANT
245 ## - TITLE STATEMENT
Title RESEARCH METHODOLOGY AND MEDICAL STATISTICS
260 ## - PUBLICATION, DISTRIBUTION, ETC. (IMPRINT)
Place of publication, distribution, etc VARANASI
Name of publisher, distributor, etc CHAUKHAMBA PUB
Year of Publication 2018
300 ## - PAGE DESCRIPTION
No. of Pages 479
650 ## - SUBJECT ADDED ENTRY--TOPICAL TERM
Topical term or geographic name as entry element AYURVEDA
653 ## - KEYWORDS--INDEX TERM
Keyword term RESEARCH, RESEARCH,METHODOLOGY,MEDICAL, STATISTICS
942 ## - ADDED ENTRY ELEMENTS (KOHA)
Source of classification or shelving scheme Dewey Decimal Classification
Koha item type Books
942 ## - ADDED ENTRY ELEMENTS (KOHA)
-- 4
Holdings
Withdrawn status Lost status Source of classification or shelving scheme Damaged status Use restrictions Not for loan Collection code Home library Current library Shelving location Date acquired Vendor Name Cost, normal purchase price SGTU Bill Number Full call number Accession No. (Barcode) Date last seen Bill Date Koha item type Total Checkouts Date last borrowed
    Dewey Decimal Classification   Restricted Access   AYURVEDA SGT FA-FP Library SGT FA-FP Library Reference Book 18/02/2019 CHAUKHAMBA PUB 695.00 SGTU CP/B/986 610.01 r18s FA10206 18/02/2019 12/02/2019 Books    
    Dewey Decimal Classification       AYURVEDA SGT FA-FP Library SGT FA-FP Library Text Book 18/02/2019 CHAUKHAMBA PUB 695.00 SGTU CP/B/986 610.01 r18s FA10207 06/05/2025 12/02/2019 Books 4 04/03/2025
    Dewey Decimal Classification       AYURVEDA SGT FA-FP Library SGT FA-FP Library Text Book 18/02/2019 CHAUKHAMBA PUB 695.00 SGTU CP/B/986 610.01 r18s FA10208 06/05/2026 12/02/2019 Books 10 23/04/2026